000 00294nam a22001217a 4500
008 180215b xxu||||| |||| 00| 0 eng d
041 _aeng
080 _a574
100 _a9
101 _aMJE
245 _aEnvironmental policy elements of environmental analysis
_cTolley,G.S
942 _2udc
_cBK
999 _c42679
_d42679